Statistiques concernant Questions One Piece

Cliquez ici pour prendre le quiz!

Statistiques générales

  • Ce quiz a été pris 728 fois
  • Le résultat moyen est 8 sur 10

Statistiques - réponses

QuestionsRéponses% Correct
Combien de membres de l'équipage au chapeau de paille ont rejoint Luffy avant Brook7
97%
Qui se cache sous le pseudonyme de Mr.0Crocodile
91%
Qui est le tout premier ami que se fait LuffyKobby
90%
Après l'ellipse de deux ans, à quel rang a été promu SmokerVice-Amiral
84%
Combien de jours à duré le combat entre Akainu et Aokiji10
82%
Avant Shiliew, à qui appartenait le Fruit de l'InvisibilitéAbsalom
81%
Comment s'appelle le Second de Barbe NoireJesus Burgess
77%
De quel équipage faisait parti Arlong quand il était plus jeunePirates du Soleil
76%
Comment s'appelle les coquillages provenant des îles céleste qui ont des capacités étrangesDials
50%
Comment s'appelle l'un des Six Pouvoirs qui permet de rebondir dans les airs utilisé notamment par SanjiPas de Lune
47%

Distribution des résultats

Percentile par nombre de réponses

% des personnes avec chaque résultat

Votre développement - résultats

Vous n’avez pas pris ce quiz